Une date, quelques indices = le drapeau d'un pays (4) - Statistiques

Statistiques générales
  • Ce quiz a été pris 19 fois
  • Le résultat moyen est 9 sur 28
Statistiques - réponses
Création Description Réponse % Correct
1965 On le nomme l'Unifolié en français. De deux couleurs, il porte dans le carré central une feuille rouge. Canada
100%
1966 Ce drapeau reprend les couleurs panafricaines en trois bandes horizontales égales. L'étoile noire centrale serait un hommage au militant panafricain Marcus Garvey et à sa compagnie maritime la Black Star Line Ghana
57%
1966 Drapeau à bandes verticales symbolisant la mer, le ciel et le sable. Son trident représente l'alliance de son peuple avec la mer. Barbade
50%
1969 Surnommé le Pays du Dragon, un de ceux-ci figure logiquement sur son drapeau. La division en diagonale et ses couleurs vives en font un des plus facilement reconnaissable, même si le pays est petit... Bhoutan
43%
1967 Drapeau à cinq bandes horizontales. La plus large, rouge, porte un bouclier zoulou et des armes. Le bleu et le jaune forme les bordures hautes et basses. Eswatini
43%
1968 Crée en 1821 sous une forme un peu différente, il est fixé en 1968 sous son aspect actuel, tricolore à bandes verticales égales verte, blanche et rouge avec en son centre les armes du pays surmontées d'un aigle. Mexique
43%
1965 D'abord drapeau d'une colonie, il devient celui de l'état indépendant en 1965. Composée de deux bandes horizontales égales, il est frappé sur sa partie rouge d'un croissant et de cinq étoiles blanches. Singapour
43%
1970 Quadricolore à trois bandes horizontales égales et un triangle vert à la hampe, il reprend les couleurs panarabes. Le noir évoque le nom du pays qu'on peut traduire par "pays des noirs". Soudan
43%
1966 Le bleu clair très présent sur ce drapeau symbolise la pluie, les bandes noire et blanches soit le zèbre, animal symbole du pays, soit l'harmonie. Botswana
36%
1975 Drapeau à bandes verticales aux couleurs panafricaines. Sur le rouge central, une étoile jaune représente l'indivisibilité de l'état. Cameroun
36%
1970 Ce drapeau porte l'Union Jack dans un angle alors même que le pays est devenu une république depuis 1987. Son fond bleu symbolise l'océan tandis que le blason national parait flotter sur l'eau. Fidji
36%
1965 En son centre le fond vert et le croissant symbolisent l'islam. Le rouge qui l'entoure est la couleur traditionnelle de la famille royale locale. Maldives
36%
1968 On nomme couramment ce drapeau "Les quatre bandes" car il compte quatre bandes horizontales égales colorées. Elles symbolisent les partis politiques qui ont contribué à l'indépendance du pays. Maurice
36%
1967 Ce drapeau est divisé par un sautoir portant au centre des étoiles en triangle inscrites dans un cercle. Ses couleurs évoquent la lutte pour l'indépendance, la paix et l'espoir. Burundi
29%
1973 Comme beaucoup en Afrique, ce drapeau est aux couleurs panafricaines. Il se compose d'une bande verticale et de deux bandes horizontales. L'étoile noire posée sur le rouge évoque les cinq sens de l'homme: la vue, l'ouïe, le goût, l'odorat et le toucher. Guinée Bissau
29%
1972 Tricolore à bandes horizontales, il est très proche de celui d'un pays voisin mais ses couleurs sont plus claires. Luxembourg
29%
1971 Deux bandes d'un bleu vif encadrent une bande blanche horizontale. Au centre de celle-ci, un triangle contient notamment des volcans, nombreux dans ce pays. Nicaragua
29%
1971 Rectangulaire, divisé en deux par une diagonale, il a pour couleurs principales le noir et le rouge. Il est frappé de la Croix du Sud et d'un oiseau de paradis Papouasie-Nouvelle-Guinée
29%
1972 On nomme aussi ce drapeau, le drapeau du lion. Il a sa forme actuelle depuis 1972. A gauche un lion tenant une épée est entouré de quatre feuilles de pipal. Face au lion, encadré d'orange tout comme l'animal, une bande verte et une bande orange représentent les religions musulmane et hindouiste. Sri Lanka
29%
1975 Ses couleurs sont celles du mouvement de libération du pays. Le rouge représente le sang versé. Il porte en son centre des symboles jaunes évoquant l'industrie, l'agriculture et la solidarité. Angola
21%
1973 Drapeau à bandes horizontales, son bleu évoque la mer, le jaune, le soleil et le noir la force de son peuple. Le triangle noir à la hampe est symbole d'esprit d'entreprise. Bahamas
21%
1972 Son fond vert évoque la richesse des terres agricoles et le rouge du cercle qu'il porte le sang de ceux qui sont morts pour ce pays. Il est inspiré d'un poème. Bangladesh
21%
1971 Adopté après un concours, il reprend l'ensemble des couleurs panarabes. Elles y symbolisent le pétrole, la fertilité, la neutralité et l'unité du pays et sont réparties en quatre bandes, une verticale à la hampe et trois horizontales égales. Emirats Arabes Unis
21%
1968 Bleu foncé, traversé d'une bande jaune horizontale au milieu représentant l'équateur sur l'océan. Une étoile blanche à douze branches symbolise les 12 tribus du pays. Nauru
21%
1967 Formé de trois triangles dont deux rouges symbolisant la force des ancêtres. Au centre le bleu représente l'espoir, le noir, le sol, le blanc, le sable et le soleil se levant l'aube d'une ère nouvelle Antigua-et-Barbuda
14%
1965 Composé de cinq bandes horizontales, dont deux lignes blanches entourant la bande centrale, ses couleurs symbolisent, le soleil, le fleuve qui traverse le pays et les forêts. Gambie
14%
1974 Tricolore, ce drapeau au dessin rare a été adopté après l'indépendance du pays. Ses étoiles représentent les sept paroisses, les triangles le soleil et l'agriculture. Une noix de muscade, richesse du pays, y figure. Il est cerclé de rouge. Grenade
14%
1966 Si ce drapeau ressemble aux couleurs panafricaines, il n'évoque pas les mêmes valeur. Le triangle rouge représente l'énergie du peuple, son liseré noir la persévérance, le triangle jaune, les richesses minières, son liseré blanc, les rivières et le fond vert les forêts. Guyana
7%
Aucun quiz correspondant
Distribution des résultats
% des personnes avec chaque résultat
Percentile par nombre de réponses
Votre historique - résultats
Vous n’avez pas pris ce quiz